000 00246nam a2200097Ia 4500
008 190216s9999||||xx |||||||||||||| ||und||
100 _aManikya Vachakan Pillai
245 2 _aA Text Book Of Analytical Chemistry
260 _bS Chand & Co
942 _cBK
999 _c2020
_d2020